000 01083cam a2200229 a 4500
005 20170325020002.0
008 981201s1997 ve r 00010 spa d
040 _ala
_cla
_dCO-BoIAVH
041 0 _aspa
044 _ack
082 0 4 _a338.18
_bT77s
110 2 _aTratado de Cooperación Amazónica. Secretaría Pro Tempore.
245 0 0 _aSituación y perspectivas de la seguridad alimentaria en la Amazonía en un marco de producción agropecuaria y de cooperación intra-regional :
_binforme regional /
_cTratado de Cooperación Amazónica ; coordinador del estudio regional Henri Borit Petitjean.
260 _aCaracas, Venezuela :
_bTratado de Cooperación Amazónica,
_c1997.
300 _avii, 572 páginas ;
_c30 x 21 cm.
504 _aIncluye referencias bibliográficas.
650 2 4 _aProductividad agrícola
_zAmazonas (Región)
650 2 6 _aSuministro de alimentos
_vProgramas
_vInformes
650 2 6 _aSeguridad alimentaria
_zAmazonas (Región)
650 2 6 _aCooperación
_zAmazonas (Región)
942 _2ddc
_cLIBRO
_01
999 _c1015
_d1015